All Users with Telugu Quizzes - Statistics

General Stats
  • This quiz has been taken 11 times
    9 since last reset
  • The average score is 5 of 13
Answer Stats
User # of Quizzes % Correct
mandalampicchi 19
100%
Neodymium 135
100%
Noivern 22
75%
Gademotsili99 2
63%
TheNatureThread 53
63%
AntiMatter8192 4
25%
businessbicycle 1
25%
HubertThePhoenix 1
25%
McKenzieFam 4
25%
Surajrocks99 45
25%
Jerry928 4
13%
AllOfSanMarino 1
0%
FreeStater 3
0%
No matching quizzes found
Score Distribution
Percent of People with Each Score
Percentile by Number Answered
Your Score History
You have not taken this quiz since the last reset